Matematika

Salvato in:
Dettagli Bibliografici
Autore principale: Eliáš, Jozef (Autore)
Natura: Libro
Lingua:slovacco
Pubblicazione: Bratislava : SVŠT v Bratislave SjF, 1979
Tags: Aggiungi Tag
Nessun Tag, puoi essere il primo ad aggiungerne!!

MARC

LEADER 00000nam a22000003a 4500
001 stu187926
005 20150617225605.6
008 090728s1979----cs------------------slo-d
040 |a STU  |b slo 
041 0 |a slo 
044 |a cs 
080 |a 517(075.8) 
100 1 |a Eliáš, Jozef  |4 aut 
245 1 |a Matematika 
260 |a Bratislava :  |b SVŠT v Bratislave SjF,  |c 1979 
996 |b E44423  |c E*44423  |l EE03  |s P  |a 0  |w stu187926_0001 
996 |b E44424  |c E*44424  |l EE03  |s P  |a 0  |w stu187926_0002 
996 |b E44425  |c E*44425  |l EE03  |s P  |a 0  |w stu187926_0003 
996 |b E44426  |c E*44426  |l EE03  |s P  |a 0  |w stu187926_0004